Visualizzazione normale
Vista MARC
- Musorgskij Modest
di Personal Name
Records bibliografici associati: 1
001 - CONTROL NUMBER
- control field: 15840
003 - CONTROL NUMBER IDENTIFIER
- control field: IT-RoPau
005 - DATE AND TIME OF LATEST TRANSACTION
- control field: 20140312122714.0
008 - FIXED-LENGTH DATA ELEMENTS
- fixed length control field: 140312|| aca||aabn | a|a d
040 ## - CATALOGING SOURCE
- Original cataloging agency: IT-RoPau
- Transcribing agency: IT-RoPau
100 ## - HEADING--PERSONAL NAME
- Personal name: Musorgskij Modest
- Miscellaneous information: Codice autore musica SPICS: 3431
- Relator term: Autore musica
- Name of part/section of a work: Night On Bare Mountain
670 ## - SOURCE DATA FOUND
- Source citation: Work cat.: (IT-RoPau)100718: AA.VV. 794, S.O.S.